00416 2200169 4500001002100000005001500021008004100036035002500077041000800102082000800110090000800118100001800126245005300144250001600197300002300213650001000236INLIS00000000000236320130515125523 ind  a0010-051300000002363 aind aFik aFik aBastian, Tito aPembalasan Ratu Laut Utara (Serial Wiro Sableng) aCetakan : 1 a112 hlm. ;17,5 cm. aFiksi